000 00446nam a2200193Ia 4500
005 20240823014014.0
008 240823s9999||||xx |||||||||||||| ||und||
020 _a81-85617-84-8
041 _aENGLISH
082 _A624.1 N8
100 _aGrundy J T
245 0 _aConstruction Technology Vol II
250 _a1st
260 _c1998
_b"VivaBooks,New "
500 _aYES
650 _aConstruction
_bCivil
942 _cBK
999 _c168853
_d168853